Situación actual de la dirección y gestión de los centros de enseñanza obligatoria en España (Record no. 727957)

000 -CABECERA
Campo de control de longitud fija 00596nab a2200157Ia 4500
003 - IDENTIFICADOR DEL NÚMERO DE CONTROL
Campo de control ES-SlBCS
005 - FECHA Y HORA DE LA ÚLTIMA TRANSACCIÓN
Campo de control 20210601145647.0
008 - CÓDIGOS DE INFORMACIÓN DE LONGITUD FIJA
Campo de control de longitud fija 140529s2010 xxu||||| |||| 00| 0 spa d
041 ## - CÓDIGO DE LENGUA
Código de lengua del texto/banda sonora o título independiente spa
100 1# - PUNTO DE ACCESO PRINCIPAL-NOMBRE DE PERSONA
Nombre de persona Gairín Sallán, Joaquín
9 (RLIN) 228773
245 00 - MENCIÓN DE TÍTULO
Título Situación actual de la dirección y gestión de los centros de enseñanza obligatoria en España
Mención de responsabilidad, etc. Joaquín Gairín Sallán, Diego Castro Caecero
650 04 - PUNTO DE ACCESO ADICIONAL DE MATERIA-TÉRMINO DE MATERIA
Término de materia o nombre geográfico como elemento inicial Gestión Escolar
9 (RLIN) 209151
700 1# - PUNTO DE ACCESO ADICIONAL-NOMBRE DE PERSONA
Nombre de persona Castro Caecero, Diego
9 (RLIN) 315246
773 0# - ENLACE AL DOCUMENTO FUENTE
Título Revista Española de Pedagogia
Parte(s) relacionada(s) vol. 68, nº. 247, 2010, págs. 401-416
Número de control del registro relacionado Rev1353
942 ## - ENTRADA DE ELEMENTOS AGREGADOS (KOHA)
Koha [por defecto] tipo de item Artículos de revista
Holdings
Suprimido Perdido Estropeado No para préstamo Localización permanente Localización actual Localización en estantería Fecha adquisición Préstamos totales Fecha última consulta Fecha del precio de reemplazo Tipo de item de Koha
        San Esteban San Esteban Depósito de revistas 11/07/2014   11/07/2014 11/07/2014 Artículos de revista

Bibliotecas Dominicos Provincia Hispania, 2016

Con tecnología Koha